Name the most popular Taylor Swift song A-Z - Statistics

General Stats
  • This quiz has been taken 120 times
  • The average score is 10 of 24
Answer Stats
Hint Answer % Correct
B Blank Space
77%
L Love Story
70%
S Shake it off
69%
A Anti-hero
67%
Y You belong with me
66%
C Cardigan
60%
W We are never ever getting back together
57%
O Our song
51%
I I knew you were trouble
45%
K Karma
44%
Q Question
42%
V Vigilante Shit
42%
D Delicate
40%
J Jump then fall
35%
G Getaway car
31%
M Mine
31%
R Ready for it
29%
U Untouchable
29%
F Fifteen
24%
T Teardrops on my guitar
18%
P Paper rings
17%
N New romantics
12%
E Eyes open
2%
H Highway dont care
1%
No matching quizzes found
Score Distribution
Percent of People with Each Score
Percentile by Number Answered
Your Score History
You have not taken this quiz